000 00376nam a2200145Ia 4500
008 230917s9999||||xx |||||||||||||| ||und||
040 _e74559
_aMAIN
041 _aEnglish
082 _a658.42 L651T
100 _aLindsay, William M
245 0 _aTotal quality and organization development
260 _aNew Delhi
_bVanity Books
_c1998
300 _ax, 390 p.
942 _cBK
999 _c101752
_d101752